书目信息 |
| 题名: |
网页制作三剑客
|
|
| 作者: | 崔亚量 主编 | |
| 分册: | ||
| 出版信息: | 成都 电子科技大学出版社 2003.09 |
|
| 页数: | 463页 | |
| 开本: | 26cm | |
| 丛书名: | ||
| 单 册: | ||
| 中图分类: | TP393.092 | |
| 科图分类: | ||
| 主题词: | 计算机应用 | |
| 电子资源: | ||
| ISBN: | 7-81094-263-8 | |
| 000 | 00638nam0 2200205 45 | |
| 001 | 0462880606 | |
| 005 | 2004052117280013 | |
| 010 | @a7-81094-263-8@dCNY 32.80 | |
| 100 | @a20040521d2003 km y0chiy0120 ea | |
| 101 | 0 | @achi |
| 102 | @aCN@b510000 | |
| 200 | 1 | @a网页制作三剑客@AWang Ye Zhi Zuo San Jian Ke@e经典实例158例@f崔亚量主编@FCui Ya Liang Zhu Bian |
| 210 | @a成都@c电子科技大学出版社@d2003.09 | |
| 215 | @a463页@d26cm | |
| 517 | @a经典实例158例@AJing Dian Shi Li 158 Li | |
| 606 | 0 | @a计算机应用 |
| 690 | @aTP393.092@v3 | |
| 701 | 0 | @a崔亚量@ACui Ya Liang@4主编 |
| 801 | 0 | @aCN@bPFT@c20040521 |
| 905 | @a安徽大学@dTP393.092@eC9791 | |
| 网页制作三剑客:经典实例158例/崔亚量主编.-成都:电子科技大学出版社,2003.09 |
| 463页;26cm |
| ISBN 7-81094-263-8:CNY 32.80 |
| ● |
| 相关链接 |
|
|
|
正题名:网页制作三剑客
索取号:TP393.092/C9791
 
预约/预借
| 序号 | 登录号 | 条形码 | 馆藏地/架位号 | 状态 | 备注 |
| 1 | 376699 | 203766996 | 自科二线400A/400A自科库 7排3列6层/ [索取号:TP393.092/C9791] | 在馆 | |
| 2 | 376700 | 203767003 | 自科库301/301自科库 125排1列3层/ [索取号:TP393.092/C9791] | 在馆 | |
| 3 | 376701 | 203767012 | 自科库301/301自科库 125排1列3层/ [索取号:TP393.092/C9791] | 在馆 |